000 00471nam a2200181Ia 4500
001 3097
005 20260306144855.0
008 260306t2017||||xx |||||||||||||| ||spa||
041 _aESP
082 _a250.985
_bM26
100 _aMartínez Ferrer, Luis
_eAUT
245 0 _aTercer Concilio Limense (1583-1591):
_bedición bilingüe de los decretos
260 _c2017
300 _a347 páginas :
_c25 cm.
650 _aGEN
654 _aCHU
942 _cLIB
_dJUS
_fJUS
_2ddc
_n
999 _c3097
_d3097